| 000 | 00380nam a2200145 4500 | ||
|---|---|---|---|
| 999 |
_c1138 _d1138 |
||
| 008 | 200110b ||||| |||| 00| 0 eng d | ||
| 082 | 0 | 0 |
_a620.112 _bD955 |
| 100 |
_9721 _aDureli, A. J. |
||
| 245 | 1 | 0 |
_aApplied Stress Analysis _cby A J Dureli |
| 250 | _a1st ed. | ||
| 260 |
_aLondon _bPrentice Hall _c1970 |
||
| 300 | _axvi, 180 p. | ||
| 650 | 0 | _aMaterials Testing | |
| 942 |
_2ddc _cBK |
||